00766nam a2200193 a 450000100100000000500170001000800410002702000150006804000250008308200150010810000360012324500790015926000370023830000210027550000310029695201180032795201120044599900150055700000507420200929151555.0090729s2000 dr 001 spa d a9993400920 aDO-SdBNPbspacBNPHU axxxbC331r1 aCarvajal Oviedo, Herbert91457610aResumen de jurisprudencia nacional 1989 - 1992 /cHerbert Carvajal Oviedo. aSanto Domingo, :bCumbre,c2000. a171 p. ;c22 cm. aIncluye tabla de contenido 0010718PDaPDbPDcHDd2009-08-24iLF1l0oxxx C331rp5074-10r2020-06-25te. 2w2020-06-25yLFPDZNo se presta 0010718PDaPDbPDcHDd2009-08-24iLF1l0oxxx C331rp5074-20r2020-06-25w2020-06-25yLFPDZNo se presta c4878d4878